Регионална библиотека "Любен Каравелов" - Русе

Куба за начинаещи (Запис номер 80639)

MARC детайли
000 -Лидер
Контролно поле с фиксирана дължина 01553nam a2200337 c 4500
003 - Код на организацията, давaща контролен номер
Контролно поле BLK
005 - Дата и час на последна редакция
Контролно поле 20180422103912.0
008 - Елементи от данни с фиксирана дължина
fixed length control field 180408b bul|||||r ||||||| ||bul||
010 ## - Наследен системен номер
LC control number KNG00085127000
020 ## - Международен стандартен номер на книга ISBN
Международен стандартен номер на книга ISBN 978-954-491-304-5
-- издат.: Жанет 45
040 ## - Източник на каталожния запис
Идентификатор на билиотеката - собственик на записа BLK
041 ## - Код за език
Код за езика на текст/звукозапис или на отделно заглавие Български
Код за езика КДБФ Български
080 ## - УДК
Текстов определител УДК Социография. Социално положение. Условия на политическия и социалния живот. Социално и социално-икономическо положение на отделните страни, народи, раси. Социална география. (Общи въпроси)
УДК код - определител по УДК 308
УДК определител (729.1)(02.062)
УДК - код + определител 308(729.1)(02.062)
139 ## - Редно поле
Редна дума Иванова, Диана
Авторски знак Иванова - И 22
245 10 - Сведения за заглавието
Заглавие Куба за начинаещи
Редно поле (дума) текст и фотоматериал Диана Иванова.
257 ## - Страна на издаване
Страна на създаване/издаване България
260 ## - Област на издателските данни
-- Пловдив
Име на издателя, разпространителя и проч. Жанет 45
-- в. Капитал
Година на издаване 2006
300 ## - Физическа характеристика
Страници 8 с.
Илюстрации и др. със сн.
Размери/Мащаб 15Х15 см
380 ## - Жанр
Жанр Обществени науки
500 ## - Общи забележки
Забележка Съдържа и Кубински речник за начинаещи ; Сайтове за Куба.
650 #4 - Допълнително описание по предмет – тема
Основно описание – тема или топоним Куба
9 (RLIN) 272036
651 #4 - Допълнително описание по предмет - топоним
Географско понятие Куба
9 (RLIN) 272036
653 ## - Ключова дума – ненормативна
Ключова дума скици
653 ## - Ключова дума – ненормативна
Ключова дума интервюта
700 1# - Други автори (авторска отговорност)
Лично име Иванова, Диана
Автороска отговорност (Описва отношението между автора и произведението) текст и фотоматериал
Друга информация Георгиева, Диана Иванова
9 (RLIN) 363426
852 ## - Местоположение
Форматна сигнатура Цб І 33089
856 4# - Електронен адрес и достъп
Електронен формат pdf - файл
Път до файла /url/
856 4# - Електронен адрес и достъп
Електронен формат pdf - файл
Път до файла /url/
942 ## - АРТИКУЛИ
Вид на библиотечния материал Книги
Скрит в OPAC Не
944 ## - СЪЗДАВАНЕ И РЕДАКЦИЯ на ЗАПИСА
Създаване/Редакция Създаване
Дата на регистрацията/редакция 26.08.2008
Служител, извършил регистрацията/редакцията Людмила_Стоянова
944 ## - СЪЗДАВАНЕ И РЕДАКЦИЯ на ЗАПИСА
Създаване/Редакция Редакция
Дата на регистрацията/редакция 03.10.2008
Служител, извършил регистрацията/редакцията
999 ## - СИСТЕМНИ КОНТРОЛНИ НОМЕРА
Koha biblionumber 80639
Koha biblioitemnumber 80639
Наличности
Код за отписване Код за изгубен артикул Код за повреда Коз за рестрикции Код за отдаване Артикулен № Име на библиотеката - собственик Име на библиотеката, в която се намира в момента Статус (Текущо местоположение) Дата на вписване в системата Местоположение - отдел Цена в лева Инвентарен номер Систематично азбучна сигнатура Баркод Номер на екземпляра Цена в евро Служебна бележка Служебен тип на артикула
  Не е изгубен Не е повреден без рестрикции ползва се в читалня 130668 Регионална библиотека "Любен Каравелов" Русе Регионална библиотека "Любен Каравелов" Русе Хранилище 2008-08-27 Хранилище 0.00 120000728358 Цб І 33089 120000728358 1 0.00 Дост: Dp Вид: Д N: 22 Дата: 14.05.2008 Книги
Vip Innovations Ltd, Rousse, Bulgaria 2025